IC design flow with ICstudio (student workbook) [Manual] (Record no. 10267)
[ view plain ]
| 000 -LEADER | |
|---|---|
| fixed length control field | 00298 a2200097 4500 |
| 090 ## - LOCALLY ASSIGNED LC-TYPE CALL NUMBER (OCLC); LOCAL CALL NUMBER (RLIN) | |
| -- | 6436 |
| -- | 6436 |
| 245 ## - TITLE STATEMENT | |
| Title | IC design flow with ICstudio (student workbook) [Manual] |
| Statement of responsibility, etc. | Mentor Graphics Co. |
| 260 ## - PUBLICATION, DISTRIBUTION, ETC. | |
| Place of publication, distribution, etc. | U S A : |
| Name of publisher, distributor, etc. | Mentor Graphics Co., |
| Date of publication, distribution, etc. | 2008. |
| 300 ## - PHYSICAL DESCRIPTION | |
| Extent | 382 p. : |
| Other physical details | ill. ; |
| Dimensions | 27 cm. |
| 942 ## - ADDED ENTRY ELEMENTS (KOHA) | |
| Koha item type | Book |
| Call number prefix | 006.6 MEN |
| Withdrawn status | Lost status | Damaged status | Not for loan | Permanent Location | Current Location | Shelving location | Total Checkouts | Full call number | Barcode | Date last seen | Price effective from | Koha item type |
|---|---|---|---|---|---|---|---|---|---|---|---|---|
| Central Library (CL) | Central Library (CL) | First Floor - Machine Learning/Computer Graphics | 006.6 MEN | SEECSD00344 | 11/14/2012 | 11/14/2012 | Book |
